Algebra Lineal (Registro nro. 2799)

Detalles MARC
000 -LEADER
fixed length control field 01252 a2200241 4500
001 - CONTROL NUMBER
control field 37792
005 - DATE AND TIME OF LATEST TRANSACTION
control field 20260407155644.0
008 - FIXED-LENGTH DATA ELEMENTS--GENERAL INFORMATION
fixed length control field 260407a1992 arg spa d
003 - CONTROL NUMBER IDENTIFIER
control field AR-UNSa-BCEJYS
040 ## - CATALOGING SOURCE
Original cataloging agency AR-UNSa-BCEJYS
Language of cataloging spa
Transcribing agency AR-UNSa-BCEJYS
080 ## - UNIVERSAL DECIMAL CLASSIFICATION NUMBER
Universal Decimal Classification number 512.64
Common auxiliary subdivision Algebra lineal y multilineal
100 1# - MAIN ENTRY--PERSONAL NAME
Personal name Lipschutz, Seymour
245 10 - TITLE STATEMENT
Title Algebra Lineal
250 ## - EDITION STATEMENT
Edition statement 2a. ed
264 #1 - PRODUCTION, PUBLICATION, DISTRIBUTION, MANUFACTURE, AND COPYRIGHT NOTICE
Place of production, publication, distribution, manufacture México :
Name of producer, publisher, distributor, manufacturer McGraw-Hill
Date of production, publication, distribution, manufacture, or copyright notice 1992
300 ## - PHYSICAL DESCRIPTION
Extent 552 p.
Dimensions 24 cm.
505 ## - FORMATTED CONTENTS NOTE
Formatted contents note 1. Sistemas de ecuaciones lineales - 2. Vectores en R y C.Vectores espaciales - 3. Matrices - 4. Matrices cuadradas.Matrices elementales - 5. Espacio vectoriales - 6. Espacios con producto interno.Ortogonalidad - 7. Determinantes - 8. Valores propios y vectores propios.Diagonalización - 9. Aplicaciones lineales - 10. Matrices y aplicaciones lineales - 11. Formas canonicas - 12. Funcionales lineales y espacio dual - 13. Formas bilineales, Cuadraticas y hermiticas - 14. Operadores lineales en espacios con productos interno.
590 ## - LOCAL NOTE (RLIN)
Local note niveau_biblio:m niveau_hierar:0
700 1# - ADDED ENTRY--PERSONAL NAME
Personal name Paredes Manchola, Hugo
700 1# - ADDED ENTRY--PERSONAL NAME
Personal name Jimenez Becerra, Luis Rafael
856 41 - ELECTRONIC LOCATION AND ACCESS
Uniform Resource Identifier <a href="https://biblioeco.unsa.edu.ar/pmb/images/libros/L69966.jpg">https://biblioeco.unsa.edu.ar/pmb/images/libros/L69966.jpg</a>
Link text Imagen de portada
Electronic format type image/jpeg
942 ## - ADDED ENTRY ELEMENTS (KOHA)
Koha item type
Existencias
Withdrawn status Lost status Damaged status Not for loan Home library Current library Shelving location Date acquired Total checkouts Full call number Barcode Date last seen Price effective from Koha item type
        Biblioteca Prof. Eusebio Cleto del Rey Biblioteca Prof. Eusebio Cleto del Rey   07/04/2026   512.64 L767a 2ed. L69966 07/04/2026 07/04/2026 Libro
        Biblioteca Prof. Eusebio Cleto del Rey Biblioteca Prof. Eusebio Cleto del Rey   07/04/2026   512.64 L767a 2ed. L85240 07/04/2026 07/04/2026 Libro
        Biblioteca Prof. Eusebio Cleto del Rey Biblioteca Prof. Eusebio Cleto del Rey   07/04/2026   512.64 L767a 2ed. L69967 07/04/2026 07/04/2026 Libro
        Biblioteca Prof. Eusebio Cleto del Rey Biblioteca Prof. Eusebio Cleto del Rey   07/04/2026   512.64 L767a 2ed. L85239 07/04/2026 07/04/2026 Libro